Arcane Odyssey Quiz - Statistics

General Stats
  • This quiz has been taken 257 times
    251 since last reset
  • The average score is 16 of 30
Answer Stats
Hint Answer % Correct
What magic does Shura The Wandering Ronin use? Acid
94%
Who drops the Stormcaller? Lord Elius
81%
What is the current max level? 125
75%
How many sharks do you need to kill for the Sailor Style quest? 3
74%
What is the currency? Galleons
71%
What effect does Akursius Keep give you? Insanity
68%
Which fighting style uses cannons? Cannon Fist
67%
Who currently has the Death Curse? Morden
67%
Which build goes has full vitality? Warden
64%
How many current magic types are there? 20
63%
Where is the Assassin Syndicate base? Whitesummit
63%
Which island is known as the PVP island? Munera Garden
60%
Who is the developer of the game? vetexgames
60%
How many quests are at Ravenna? 21
59%
Which organization carries out assassinations? Assassin syndicate
59%
Where do you find the Iron Leg mentor? Harvest island
59%
What build allows you to use the Triasta Of Bronze? Warrior
59%
How many treasure charts does Redwake have? 0
58%
What is at the top of the stepstones? Cirrus island
57%
Ren's real name? Warren
57%
How many galleons does a Ketch cost? 3,000 Galleons
55%
Which organization protects the kingdoms in the Bronze Sea? Grand navy
47%
Which spell can you find from lost cargo and bronze sealed chests? Pulsar
40%
What magic move requires magic level 150? Aura
39%
What badge do you get after catching every fish? Master Angler
38%
What is the biggest fish? Colossal Squid
33%
Where is the Silent Ire located? Northern jaws
26%
Where do you get the sun caraway? Sandfall isle
21%
Which island used to be a former Ravenna base? Whispering Caverns
20%
What is the current maximum power on gear? 133
9%
No matching quizzes found
Score Distribution
Percent of People with Each Score
Percentile by Number Answered
Your Score History
You have not taken this quiz since the last reset